000 00472nam a2200181Ia 4500
001 8477
005 20260306160612.0
008 260306t2016||||xx |||||||||||||| ||spa||
041 _aESP
082 _a371.1
_bG96
100 _aGutiérrez Giraldo, Martha Cecilia
_eAUT
245 0 _aPrácticas educativas reflexivas y la formación del profesorado
260 _c2016
300 _a93 páginas :
_c23 cm.
650 _aGEN
654 _aCED
942 _cLIB
_dJUS
_fJUS
_2ddc
_n
999 _c8477
_d8477